Movies Quiz

Random Movies or Director Quiz

Woody Allen Initials Quiz Stats

Quiz not verified by Sporcle

Challenge
Share
Tweet
Embed
Score 0/32 Timer 06:00
0 Plays Today
Initials Film % Correct
AHAnnie Hall
96.8%
HaHSHannah and Her Sisters
96.8%
ZZelig
80.6%
NYSNew York Stories
80.6%
WU,TL?What's Up, Tiger Lily?
77.4%
MMMManhattan Murder Mystery
77.4%
VCBVicky Cristina Barcelona
74.2%
LaDLove and Death
71%
CaMCrimes and Misdemeanors
67.7%
TPRoCThe Purple Rose of Cairo
67.7%
MiPMidnight in Paris
67.7%
EYAWtKAS*(*BWAtA)Everything You Always Wanted to Know About Sex* (*But Were Afraid to Ask)
64.5%
HaWHusbands and Wives
61.3%
ESILYEveryone Says I Love You
61.3%
WWWhatever Works
61.3%
SaFShadows and Fog
58.1%
Initials Film % Correct
MaMMelinda and Melinda
58.1%
BoBBullets over Broadway
58.1%
YWMaTDSYou Will Meet a Tall Dark Stranger
58.1%
BJBlue Jasmine
54.8%
BDRBroadway Danny Rose
54.8%
TCotJSThe Curse of the Jade Scorpion
51.6%
STCSmall Time Crooks
51.6%
AWAnother Woman
48.4%
AEAnything Else
48.4%
TRwLTo Rome with Love
48.4%
MitMMagic in the Moonlight
41.9%
AMNSCA Midsummer Night's Sex Comedy
38.7%
SaLSweet and Lowdown
38.7%
TtMaRTake the Money and Run
35.5%
CDCassandra's Dream
32.3%
HEHollywood Ending
32.3%

You're not logged in!

Compare scores with friends on all Sporcle quizzes.
Join for Free
OR
Log In

You Might Also Like...

Show Comments

Extras

Top Quizzes Today


Score Distribution

Your Account Isn't Verified!

In order to create a playlist on Sporcle, you need to verify the email address you used during registration. Go to your Sporcle Settings to finish the process.

Report this User

Report this user for behavior that violates our Community Guidelines.

Details: